书目信息 |
| 题名: |
普通话水平测试专用教材
|
|
| 作者: | 普通话水平测试研究组 , 普通话培训研究中心 编 | |
| 分册: | ||
| 出版信息: | 北京 北京理工大学出版社 2013.01 |
|
| 页数: | 260页 | |
| 开本: | 26cm | |
| 丛书名: | ||
| 单 册: | ||
| 中图分类: | H102 | |
| 科图分类: | ||
| 主题词: | 汉语 | |
| 电子资源: | ||
| ISBN: | 978-7-5640-7317-6 | |
| 000 | 00997nam 2200253 450 | |
| 001 | 012013088888 | |
| 005 | 20210617113157.48 | |
| 010 | @a978-7-5640-7317-6@dCNY39.00 | |
| 100 | @a20131104d2012 em y0chiy50 ea | |
| 101 | 0 | @achi |
| 102 | @aCN@b150000 | |
| 105 | @aa z 000yy | |
| 200 | 1 | @a普通话水平测试专用教材@Apu tong hua shui ping ce shi zhuan yong jiao cai@9zhong guo ren de jia zhi guan@d= The values of the Chinese@f普通话水平测试研究组,普通话培训研究中心编@Fpu tong hua shui ping ce shi yan jiu zu pu tong hua pei xun yan jiu zhong xin bian@zeng |
| 210 | @a北京@c北京理工大学出版社@d2013.01 | |
| 215 | @a260页@c图@d26cm | |
| 510 | 1 | @a= The values of the Chinese |
| 540 | @a普通话水平测试专用教材 | |
| 606 | 0 | @a汉语 |
| 690 | @aH102@v5 | |
| 701 | 0 | @a普通话水平测试研究组@Apu tong hua shui ping ce shi yan jiu zu@4编 |
| 701 | 1 | @a普通话培训研究中心@Apu tong hua pei xun yan jiu zhong xin@4编 |
| 801 | @aCN | |
| 901 | @a201301 | |
| 905 | @eP936@dH102@a23412@b0916377-9@f3 | |
| 普通话水平测试专用教材= The values of the Chinese/普通话水平测试研究组,普通话培训研究中心编.-北京:北京理工大学出版社,2013.01 |
| 260页:图;26cm |
| ISBN 978-7-5640-7317-6:CNY39.00 |
| ● |
| 相关链接 |
|
|
|
正题名:普通话水平测试专用教材
索取号:H102/P936
 
预约/预借
| 序号 | 登录号 | 条形码 | 馆藏地/架位号 | 状态 | 备注 |
| 1 | 0916377 | 209163778 | 语言库209/209语言库 70排2列2层/ [索取号:H102/P936] | 在馆 | |
| 2 | 0916378 | 209163787 | 语言库209/209语言库 70排2列2层/ [索取号:H102/P936] | 在馆 | |
| 3 | 0916379 | 209163796 | 语言库209/209语言库 70排2列2层/ [索取号:H102/P936] | 在馆 | |
| 4 | 1506750 | 215067503 | 语言库209/209语言库 70排2列2层/ [索取号:H102/P936] | 在馆 |